| 000 | 00505nam a2200169 i 4500 | ||
|---|---|---|---|
| 001 | 187723 | ||
| 003 | ES-MaACL | ||
| 005 | 20241113162720.0 | ||
| 008 | 180205s1972 sp |||| | spa d | ||
| 245 | 0 | 0 |
_aHumor internacional / _c[seleccionados por Chipi y Chopi, seud.]. |
| 260 |
_aBarcelona : _bRodegar, _c[1972] |
||
| 300 |
_a127 p. : _bil. ; _c17 cm. |
||
| 650 | 4 |
_aChistes. _9138672 |
|
| 700 | 1 |
_aRepollés, José _9239299 |
|
| 852 |
_aES-MaACL _jC-43903 |
||
| 999 |
_c187723 _d187723 |
||